00343nam a22001217a 450000500170000000800410001708200150005811000310007324500530010426000460015730000100020365000080021320200604101548.0200604b xxu||||| |||| 00| 0 eng d a345.4 AIR aThe All India Reporter1964 aThe All India Reporter1964 (V-51) MYSORE Section aBOMBAYbThe All India Reporter1964 c1964 a576p. aLAW